00341nam a22001337a 4500020001500000020001900015082001100034100002400045245004200069260003500111300001200146650002500158700002400183 a0130189987 a978-0130189981 a658HOR aHorne, James C. Van aFundamentals of Financial Management  aLondon:bPrentice-Hall,c2003. a743p. ; aFinancial Management aWachowicz, John M.